00633nam a2200181Ii 4500020001500000040000800015082002600023100002200049245004900071246002400120246003700144300009100181500001800272500007800290650004300368650002000411710002000431 a2035302021 cBOS a034 LAR 2001 A007 Or.1 aLarousse, Pierre,13aLe Petit Larousse illustr©♭ :ben couleur3 aPetit Larousse 200234aPetit Larousse illustr©♭ 2002 a1786 pages, xcvi pages of plates :billustrations (chiefly color), color maps ;c24 cm a"2002"--Cover a"87000 articles, 4600 illustrations, 292 cartes, 100 planches visuelles." 0aEncyclopedias and dictionaries, French 0aFrench language2 aLarousse (Firm)